| 000 | 01012nac a22002891i 4500 | ||
|---|---|---|---|
| 003 | EG-ScBUE | ||
| 005 | 20250817092522.0 | ||
| 008 | 081111t2007 maua f b 001 0 eng d | ||
| 020 | _a9780618590735 | ||
| 020 | _a0618590730 | ||
| 040 |
_aEG-ScBUE _beng _erda _cEG-ScBUE _dEG-ScBUE |
||
| 082 | 0 | 4 |
_a547 _222 _bORG |
| 245 | 0 | 0 |
_aOrganic chemistry : _ba short course / _cHarold Hart, Michigan State University [and three others] |
| 250 | _aTwelveth edition. | ||
| 264 | 1 |
_aBoston : _bHoughton Mifflin Company, _c[2007] |
|
| 264 | 4 | _cc2007 | |
| 300 |
_axxiv, 577 pages : _billustrations (some color) ; _c29 cm |
||
| 336 |
_2rdacontent _atext _btxt |
||
| 337 |
_aunmediated _2rdamedia _bn |
||
| 338 |
_avolume _bnc _2rdacarrier |
||
| 504 | _aIncludes bibliographical references and index. | ||
| 650 | 7 |
_aChemistry, Organic. _2BUEsh |
|
| 655 | _vReading book | ||
| 700 | 1 |
_aHart, Harold, _d1922- _eauthor. |
|
| 856 | 4 | 1 |
_3Table of contents only _uhttp://www.loc.gov/catdir/toc/fy0611/2005938340.html |
| 942 |
_cBB _2ddc |
||
| 999 |
_c2458 _d2458 |
||